• 首页
  • 本馆介绍
  • 公告通知
  • 最新文献
  • 馆藏检索
  • 电子资源
  • 读者导购
  • 参考咨询
  • 我的图书馆
  • 登录
  • 详细信息显示
  • 放入我的书架
  • 预约/预借图书
  • 作者相关作品
  • 分类相关作品
  • 丛书相关作品
  • 出版社相关作品

书目信息

  • 表格格式
  • 工作单格式
  • 卡片格式
题名:
现场总线技术
    
 
作者: 刘泽祥 , 李媛 主编
分册:  
出版信息: 北京   机械工业出版社  2017.11
页数: 273页
开本: 26cm
丛书名:
单 册:
中图分类: TP336
科图分类:
主题词: 总线--zong xian--技术--高等学校--教材
电子资源:
ISBN: 978-7-111-58290-8
000 01080nam0 2200289 450
001 0106081805
005 20201109084213.88
010    @a978-7-111-58290-8@dCNY43.00
100    @a20180513e20202017em y0chiy50 ea
101 0  @achi
102    @aCN@b110000
105    @aa z 000yy
106    @ar
200 1  @a现场总线技术@Axian chang zong xian ji shu@f刘泽祥, 李媛主编
205    @a3版
210    @a北京@c机械工业出版社@d2017.11@h2020.01
215    @a273页@c图@d26cm
300    @a普通高等教育电气工程与自动化类“十三五”规划教材
312    @a封面英文题名:Fieldbus technology
330    @a本书介绍了广泛应用于机械制造、化工等流程工业,智能建筑和小区,环保和水处理企业的PROFIBUS总线,主要涉及现场总线的特点、现状、发展趋势、系统构成、监控组态软件原理及其实际操作、现场总线系统的工程设计和以太网技术等内容。
510 1  @aFieldbus technology@zeng
606 0  @a总线@Azong xian@x技术@x高等学校@j教材
690    @aTP336@v5
701  0 @a刘泽祥@Aliu ze xiang@4主编
701  0 @a李媛@Ali yuan@4主编
801  0 @aCN@bBJSZM@c20201106
905    @b1191548-51@dTP336@e193=3@f4
    
    现场总线技术/刘泽祥, 李媛主编.-3版.-北京:机械工业出版社,2017.11(2020.01)
    273页:图;26cm
    普通高等教育电气工程与自动化类“十三五”规划教材
    
    ISBN 978-7-111-58290-8:CNY43.00
    本书介绍了广泛应用于机械制造、化工等流程工业,智能建筑和小区,环保和水处理企业的PROFIBUS总线,主要涉及现场总线的特点、现状、发展趋势、系统构成、监控组态软件原理及其实际操作、现场总线系统的工程设计和以太网技术等内容。
●
相关链接 在E读中查询图书 在五车中查询图书 在当当中查询图书 在豆瓣中查询图书


正题名:现场总线技术     索取号:TP336/193=3         预约/预借

序号 登录号 条形码 馆藏地/架位号 状态 备注
1 1191548   211915481   第二样本阅览室/ [索取号:TP336/193=3] 在馆    
2 1191549   211915490   第三借阅区/ [索取号:TP336/193=3] 在馆    
3 1191550   211915506   第三借阅区/ [索取号:TP336/193=3] 在馆    
4 1191551   211915515   第三借阅区/ [索取号:TP336/193=3] 在馆    
唐山师范学院图书馆 欢迎您!
大连网信软件有限公司© 版权所有